|
|
|
|
| LEADER |
01316nam a2200313 a 4500 |
| 001 |
3324 |
| 003 |
BD-DhAAL |
| 005 |
20150608141400.0 |
| 008 |
150608s1996 nyu br 001 0 eng c |
| 010 |
|
|
|a 95039977
|
| 020 |
|
|
|a 0471126144 (paper : acidfree paper)
|
| 040 |
|
|
|a DNLM/DLC
|c DLC
|d DLC
|d BD-DhAAL
|
| 050 |
0 |
0 |
|a RA981.A2
|b A684 1996
|
| 082 |
0 |
0 |
|a 362.1/1/0973
|2 20
|
| 245 |
0 |
0 |
|a America's best hospitals /
|c the editors of U.S. News & World Report ; with the National Opinion Research Center at the University of Chicago.
|
| 260 |
|
|
|a New York :
|b Wiley,
|c c1996.
|
| 300 |
|
|
|a xii, 508 p. ;
|c 28 cm.
|
| 504 |
|
|
|a Includes bibliographical references and indexes.
|
| 541 |
|
|
|e 3324
|
| 650 |
|
0 |
|a Hospitals
|x Ratings and rankings
|z United States.
|9 11786
|
| 650 |
|
0 |
|a Hospitals
|z United States
|x Directories.
|9 11787
|
| 650 |
|
0 |
|a Medicine
|x Specialties and specialists
|z United States
|x Directories.
|9 11788
|
| 650 |
|
0 |
|a Consumer education.
|9 11789
|
| 650 |
1 |
2 |
|a Hospitals
|z United States
|x directories.
|9 11790
|
| 650 |
2 |
2 |
|a Consumer Satisfaction.
|9 10073
|
| 710 |
2 |
|
|a NORC (Organization)
|9 11791
|
| 942 |
|
|
|2 ddc
|c BK
|
| 999 |
|
|
|c 34646
|d 34646
|
| 952 |
|
|
|0 0
|1 0
|2 ddc
|4 0
|6 362_110973000000000_AME
|7 0
|9 54120
|a SCL
|b SCL
|c GEN
|d 2015-06-08
|e Gift: The Asia Foundation
|l 0
|o 362.110973 AME
|p 3020003324
|r 2015-06-08
|t 1
|w 2015-06-08
|y BK
|